000 01474cam a2200421 a 4500
001 16699033
003 OSt
005 20260429172408.0
008 110311s2010 gw a 001 0 eng c
010 _a 2011404922
015 _aGBB073747
_2bnb
016 7 _a015579013
_2Uk
016 7 _a1008882992
_2DE-101
020 _a9783836519939
_qhbk.
035 _a16699033
035 _a(OCoLC)635468724
040 _aUKM
_cFoundation University
042 _apcc
050 0 0 _aN 5198
_b.L56 2010
100 1 _aLindemann, Adam,
_d1961-
_915739
245 1 0 _aCollecting design /
_cAdam Lindemann.
260 _aKöln :
_bTaschen,
_cc2010.
264 _42010
300 _a299 p. :
_bcol. ill. ;
_c23 cm.
_3books
_fbooks
336 _atext
_btxt
_2rdacontent
_3books
337 _aunmediated
_bn
_2rdamedia
_3books
338 _avolume
_bnc
_2rdacarrier
_3books
500 _aIncludes index.
650 0 _aFurniture
_xCollectors and collecting.
_915740
650 0 _aInterior decoration accessories
_xCollectors and collecting.
_915741
650 0 _aFurniture design
_xHistory
_y20th century.
_915607
856 4 2 _uhttp://d-nb.info/1008882992/04
_3Inhaltsverzeichnis
906 _a7
_bcbc
_cpccadap
_d2
_encip
_f20
_gy-gencatlg
942 _2lcc
_cBK
_hN 5198
_i.2010 L56
_k(DAFA-FA)
999 _c5828
_d5828